Bon Jovi - songs - Statistics

General Stats
  • This quiz has been taken 75 times
  • The average score is 7 of 10
Answer Stats
Lyrics Song % Correct
Tommy used to work on the docks Unions been on strike He's down on his luck... it's tough, so tough Gina works the diner all day Working for her man, she brings home her pay For love - for love Livin' on a prayer
96%
This is for the ones who stood their ground It's for Tommy and Gina who never backed down Tomorrow's getting harder, make no mistake Luck ain't enough, you've got to make your own breaks It's my life
85%
Oh, you're a loaded gun, yeah Oh, there's nowhere to run No one can save me, the damage is done You give love a bad name
75%
I ain't got a fever, I got a permanent disease It'll take more than a doctor to prescribe a remedy I got lots of money, but it isn't what I need Gonna take more than a shot to get this poison out of me And I got all the symptoms, count 'em one, two, three Bad medicine
69%
This Romeo is bleeding But you can't see his blood It's nothing but some feelings That this old dog kicked up Always
66%
Sometimes I sleep, sometimes it’s not for days The people I meet always go their separate ways Sometimes you tell the day by the bottle that you drink And times when you’re alone all you do is think Wanted dead or alive
66%
All your life all you've asked When's your Daddy gonna talk to you? But you were living in another world Trying to get your message through Runaway
63%
With an ironclad fist I wake up and French kiss the morning While some marching band keeps Its own beat in my head Bed of roses
60%
You say you've cried a thousand rivers And now you're swimming for the shore You left me drowning in my tears And you won't save me anymore I'm praying to God you'll give me one more chance, girl I'll be there for you
52%
Rememberin' when we used to park On Butler Street, out in the dark Remember when we lost the keys and You lost more than that in my backseat, baby Never say goodbye
43%
No matching quizzes found
Score Distribution
Percent of People with Each Score
Percentile by Number Answered
Your Score History
You have not taken this quiz